Pigmalión en la Escuela /
Uloženo v:
| Hlavní autor: | |
|---|---|
| Další autoři: | |
| Médium: | Kniha |
| Jazyk: | Spanish |
| Vydáno: |
México :
Universidad Autónoma de la Ciudad de México,
2006
|
| Vydání: | 2 edición |
| Edice: | Colección Galatea,
2 |
| Témata: | |
| Tagy: |
Přidat tag
Žádné tagy, Buďte první, kdo vytvoří štítek k tomuto záznamu!
|
MARC
| LEADER | 00000nam a2200000 4500 | ||
|---|---|---|---|
| 008 | 190828b2006 MX ||||| |||| 00| | spa d | ||
| 999 | |c 3767 |d 3767 | ||
| 090 | |a 05.03.02 |b 1489 | ||
| 100 | |9 3239 |a Sánchez Hernández, Miriam |e Compilador/a | ||
| 245 | 1 | 0 | |a Pigmalión en la Escuela / |c Míriam Sánchez Hernández, Marcela López Fernández (compiladoras) |
| 250 | |a 2 edición | ||
| 260 | |a México : |b Universidad Autónoma de la Ciudad de México, |c 2006 | ||
| 300 | |a 39 páginas | ||
| 490 | |a Colección Galatea, |v 2 | ||
| 650 | 1 | 4 | |9 3004 |a COMPORTAMIENTO ESTUDIANTIL |
| 650 | 1 | 4 | |9 4594 |a ESTEREOTIPO |
| 700 | |9 3240 |a López Fernández, Marcela |e Compilador /a | ||
| 942 | |i 003168 |h 05.03.02 1489 |2 z |c 01 | ||
